Loading...
| History - European History | 0 | 4 | 0 | 1 | 40 | 57 | 106.25 | 0 | 1 |
| History - World History | 0 | 3 | 1 | 1 | 25 | 91 | 119.33 | 0 | 0 |
| History - American History | 0 | 2 | 0 | 0 | 20 | 115 | 115.50 | 0 | 0 |
| Other Academic | 0 | 2 | 0 | 0 | 20 | 84 | 86.00 | 0 | 0 |
| Literature - World Literature | 0 | 1 | 0 | 0 | 10 | 134 | 134.00 | 0 | 0 |
| Social Science | 0 | 1 | 0 | 0 | 10 | 109 | 109.00 | 0 | 0 |
| Current Events | 0 | 1 | 0 | 0 | 10 | 105 | 105.00 | 0 | 0 |
| Geography | 0 | 1 | 0 | 0 | 10 | 128 | 128.00 | 0 | 0 |
| Literature - British Literature | 0 | 1 | 0 | 0 | 10 | 101 | 101.00 | 0 | 0 |
| Philosophy | 0 | 1 | 0 | 0 | 10 | 108 | 108.00 | 0 | 0 |
| Any History | 0 | 1 | 1 | 1 | 5 | 145 | 145.00 | 0 | 0 |
| Religion | 0 | 1 | 1 | 0 | 5 | 59 | 59.00 | 0 | 0 |
| Literature - European Literature | 0 | 0 | 1 | 0 | -5 | 0.00 | 0 | 0 |